Click a Movie, Initially - Animated Movies V Quiz Stats

 Plays Quiz Updated Feb 28, 2019

Score 0/20 Timer 05:00
6 Plays Today
% Correct
Monsters University
93.7%
Up
93.6%
Hercules
93%
Aladdin
92.6%
Snow White and the Seven Dwarfs
91.5%
The Polar Express
89.9%
Chicken Little
89.4%
WALL-E
88.6%
Tarzan
87.8%
Puss In Boots
85.5%
% Correct
Brother Bear
85.2%
The Emperor's New Groove
84.7%
The Lego Movie
84.5%
Megamind
83.1%
Shark Tale
82%
Robots
79.7%
Flushed Away
71.3%
Monster House
70.4%
Howl's Moving Castle
64.7%
The Rescuers Down Under
64.6%

You're not logged in!

Compare scores with friends on all Sporcle quizzes.
OR
Log In

You Might Also Like...

Show Comments

Extras

Top Quizzes Today


Score Distribution

Your Account Isn't Verified!

In order to create a playlist on Sporcle, you need to verify the email address you used during registration. Go to your Sporcle Settings to finish the process.

Report this User

Report this user for behavior that violates our Community Guidelines.

Details: